Испанский язык (Запись № 2050207)

Подробности
000 -МАРКЕР
контрольное поле 01786nam0a2200349 4500
001 - ИДЕНТИФИКАТОР ЗАПИСИ
контрольное поле RU\NLR\bibl\1833893
005 - ИДЕНТИФИКАТОР ВЕРСИИ
контрольное поле 20260406063944.0
010 ## - МЕЖДУНАРОДНЫЙ СТАНДАРТНЫЙ НОМЕР КНИГИ (ISBN)
Номер (ISBN) 978-5-09-022867-1
Тираж 1000
021 ## - НОМЕР ГОСУДАРСТВЕННОЙ РЕГИСТРАЦИИ
Код страны Российская Федерация
Номер 2011-79915
Номер Листа государственной регистраци 541д/11
035 ## - ДРУГИЕ СИСТЕМНЫЕ НОМЕРА
Идентификатор записи (NLR Aleph) 001824383
100 ## - ДАННЫЕ ОБЩЕЙ ОБРАБОТКИ
Данные общей обработки 20111115d2011 |||y0rusy50 ca
101 0# - ЯЗЫК РЕСУРСА
Язык текста, звукозаписи и т.д. русский
-- испанский, кастильский испанский
102 ## - СТРАНА ПУБЛИКАЦИИ ИЛИ ПРОИЗВОДСТВА
Страна публикации Российская Федерация
105 ## - ПОЛЕ КОДИРОВАННЫХ ДАННЫХ: ТЕКСТОВЫЕ МАТЕРИАЛЫ, МОНОГРАФИЧЕСКИЕ
Кодированные данные о монографическом текстовом документе y |||||||||
200 1# - ЗАГЛАВИЕ И СВЕДЕНИЯ ОБ ОТВЕТСТВЕННОСТИ
Основное заглавие Испанский язык
Сведения, относящиеся к заглавию книга для учителя
-- 8 класс
-- пособие для учителей общеобразовательных учреждений и школ с углубленным изучением испанского языка
Первые сведения об ответственности Н.А. Кондрашова, С.В. Костылева
210 ## - ПУБЛИКАЦИЯ, РАСПРОСТРАНЕНИЕ И ДР.
Место издания, распространения и т.д. Москва
Имя издателя, распространителя и т. д. Просвещение
Дата издания, распространения и т.д. 2011
215 ## - ФИЗИЧЕСКАЯ ХАРАКТЕРИСТИКА
Специфическое обозначение материала и объем 156, [1] с.
Размеры 22
300 ## - ОБЩИЕ ПРИМЕЧАНИЯ
Текст примечания На обл.: Español: libro del profesor: 8 / N. Kondrashova, S. Kóstyleva
512 1# - ЗАГЛАВИЕ ОБЛОЖКИ
Связь между полями z45790
Заглавие обложки Español
Сведения, относящиеся к заглавию libro del profesor
-- 8
606 1# - НАИМЕНОВАНИЕ ТЕМЫ КАК ПРЕДМЕТ
Наименование темы Испанский язык
Формальный подзаголовок Учебные издания для средней школы
Тематический подзаголовок Преподавание
-- Средняя школа
Системный номер авторитетной/нормативной записи 2262854
Идентификатор авторитетной/нормативной записи RU\NLR\auth\661356662
686 ## - ИНДЕКСЫ ДРУГИХ КЛАССИФИКАЦИЙ
Индекс Ч426.179Исп.2(2)я72
700 #1 - ИМЯ ЛИЦА - ПЕРВИЧНАЯ ОТВЕТСТВЕННОСТЬ
Код отношения Автор
Материалы, к которым относится поле rus
Графика поля Кириллица
Начальный элемент ввода Кондрашова
Часть имени, кроме начального элемента ввода Н. А.
Расширение инициалов личного имени Надежда Азариевна
Идентификатор авторитетной/нормативной записи RU\NLR\auth\7722807
Системный номер авторитетной/нормативной записи 5862
701 #1 - ИМЯ ЛИЦА - АЛЬТЕРНАТИВНАЯ ОТВЕТСТВЕННОСТЬ
Код отношения Автор
Графика поля Кириллица
Материалы, к которым относится поле rus
Начальный элемент ввода Костылева
Часть имени, кроме начального элемента ввода С. В.
Расширение инициалов личного имени Светлана Владимировна
Идентификатор авторитетной/нормативной записи RU\NLR\auth\7723483
Системный номер авторитетной/нормативной записи 6536
790 #1 - ИМЯ ЛИЦА - АЛЬТЕРНАТИВНАЯ ФОРМА
Код отношения Автор
Материалы, к которым относится поле rus
Графика поля Латинская
Начальный элемент ввода Kondrašova
Часть имени, кроме начального элемента ввода N. A.
Расширение инициалов личного имени Nadežda Azarievna
Идентификатор авторитетной/нормативной записи RU\NLR\auth\7722808
Системный номер авторитетной/нормативной записи 5863
790 #1 - ИМЯ ЛИЦА - АЛЬТЕРНАТИВНАЯ ФОРМА
Код отношения Автор
Графика поля Латинская
Материалы, к которым относится поле rus
Начальный элемент ввода Kostyleva
Часть имени, кроме начального элемента ввода S. V.
Расширение инициалов личного имени Svetlana Vladimirovna
Идентификатор авторитетной/нормативной записи RU\NLR\AUTH\7723484
Системный номер авторитетной/нормативной записи 6537
801 #0 - ИСТОЧНИК ЗАПИСИ
Страна Российская Федерация
Организация NLR
Дата составления 20111115
Правила каталогизации RCR
801 #1 - ИСТОЧНИК ЗАПИСИ
Страна Российская Федерация
Организация NLR
Дата составления 20111115
942 ## - ДОПОЛНИТЕЛЬНЫЕ ЭЛЕМЕНТЫ ЗАПИСИ (АБИС)
Тип экземпляра АБИС Книга
980 ## - КОЛЛЕКЦИЯ
Название коллекции Национальная библиография
980 ## - КОЛЛЕКЦИЯ
Название коллекции НБР
Экземпляры
Тип экземпляра Дата поступления Источник поступления Библиотека постоянного хранения Библиотека текущего хранения Место хранения Шифр хранения Штрих-код Статус экземпляра
Книга 15.11.2011 Обязательный экземпляр РНБ (Московский) РНБ (Московский) Русский книжный фонд: издания с 1957 года 2011-5/8948 1-1871563  
Книга 15.11.2011 Обязательный экземпляр РНБ (Московский) РНБ (Московский) Русский книжный фонд: издания с 1957 года 2011-5/8948 3532733